000 00261nam a22001217a 4500
008 170824b xxu||||| |||| 00| 0 eng d
041 _aeng
080 _211 ED
_a51
100 _a38
101 _aMAT
245 _aCOLLEGE CALCULUS
_cLIAL.H
942 _2udc
_cBK
999 _c24880
_d24880